Loreto College Library, Kolkata
WEBOPAC (ONLINE PUBLIC ACCESS CATALOGUE)

Bhargava's standard illustrated dictionary of the English language (Record no. 23769)

MARC details
000 -LEADER
fixed length control field 00555nam a2200181Ia 4500
008 - FIXED-LENGTH DATA ELEMENTS--GENERAL INFORMATION
fixed length control field 131103s9999 xx 000 0 und d
020 ## - ISBN | অাই এস বি এন
PRICE Rs. 9
040 ## - CATALOGING SOURCE
Original cataloging agency Loreto College
041 ## - LANGUAGE CODE
Language code English
082 ## - DDC | ডিউই
Classification number | বর্গসংখ্যা 423.2/PAT
Book Number | গ্রন্থাঙ্ক LCLIB/17370, 1 copy
245 ## - TITLE STATEMENT | অাখ্যা বিবরণী
Title | অাখ্যা Bhargava's standard illustrated dictionary of the English language
Statement of responsibility | লেখকের দায়িত্বের বিবরণ complied and edited by R. C. Pathak
250 ## - EDITION STATEMENT | সংস্করণ ক্ষেত্র
Edition statement | সংস্করণ Rep. ed.
260 ## - IMPRINT | প্রকাশনা ক্ষেত্র
Place of publication | প্রকাশ স্থান Benares
Name of publisher | প্রকাশকের নাম Shree Ganga Pustakalaya
Date of publication | প্রকাশ কাল [19- -?]
300 ## - PHYSICAL DESCRIPTION |
Page / Vol. No | পৃষ্ঠা / খন্ড সংখ্যা 1262p.
700 ## - ADDED ENTRY--PERSONAL NAME | অতিরিক্ত সংলেখ - ব্
Personal name | ব্যাক্তিনাম Pathak, R. C.; ed.
850 ## - HOLDING INSTITUTION
Holding institution LCLIB/423.2/PAT
942 ## - ADDED ENTRY ELEMENTS (KOHA)
Koha item type Books
Holdings
Withdrawn status Lost status Damaged status Not for loan Home library Current library Date acquired Total Checkouts Full call number Accession No. Date last seen Price effective from Koha item type
        Loreto College Loreto College 04/11/2013   423.2/PAT LCLIB/17370, 1 copy B26435 04/11/2013 04/11/2013 Books
        Loreto College Loreto College 04/11/2013   423.2/PAT LCLIB/17370, 1 copy B26436 04/11/2013 04/11/2013 Books